Logo BPK

Biblioteka

Politechniki Koszalińskiej

Architektura regionalna Podlasia : (Rekord nr 31521)

Szczegóły MARC
000 -ETYKIETA REKORDU
podpole kontrolne o stałej długości 00918nam a2200253 i 4500
001 - NUMER KONTROLNY REKORDU
pole kontrolne bg
020 ## - MIĘDZYNARODOWY ZNORMALIZOWANY NUMER KSIĄŻKI - ISBN
ISBN 838627249X
040 ## - ŹRÓDŁO KATALOGOWANIA
Instytucja, która utworzyła rekord BPK
041 0# - KOD JĘZYKA
Kod języka tekstu pl
080 ## - UNIWERSALNA KLASYFIKACJA DZIESIĘTNA - UKD
UKD 728:711](438)(02.025.2)(049.5)A/Z
920 ## - Międzynarodowy znormalizowany numer książki – ISBN
ISBN 83-86272-49-X
008 - POLE O STAŁEJ DŁUGOŚCI - DANE KONTROLNE
podpole kontrolne o stałej długości s pl f |000 0 pol
245 00 - TYTUŁ/ODPOWIEDZIALNOŚĆ
Tytuł Architektura regionalna Podlasia :
Ciąg dalszy tytułu artykuły, wypowiedzi seminaryjne, wypisy z literatury, rozwiązania konkursowe /
Pozostałe elementy strefy tytułu i oznaczenia odpowiedzialności [red. nauk. Jerzy Ullman ; wybór wypisów J. Ullman].
260 ## - STREFA ADRESU WYDAWNICZEGO
Miejsce wydania Białystok :
Nazwa wydawcy/dystrybutora Wydawnictwa Politechniki Białostockiej,
Data publikacji, dystrybucji/powstania dokumentu 1996.
300 ## - STREFA OPISU FIZYCZNEGO
Objętość 277 s. :
Inne cechy fizyczne fot., pl., rys. ;
Rozmiary 23 cm.
500 ## - UWAGI OGÓLNE
Tekst uwagi Na prawach rps.
504 ## - UWAGA DOTYCZĄCA BIBLIOGRAFII
Informacje o bibliografii Bibliogr. s. 31-32.
650 #9 - HASŁO PRZEDMIOTOWE W FORMIE NAZWY OGÓLNEJ LUB JEDNOSTKOWEJ
Nazwa ogólna lub geograficzna Architektura
Określnik ogólny zagadnienia
Określnik geograficzny Polska
650 #9 - HASŁO PRZEDMIOTOWE W FORMIE NAZWY OGÓLNEJ LUB JEDNOSTKOWEJ
Nazwa ogólna lub geograficzna Budownictwo mieszkaniowe
Określnik ogólny konkursy
Określnik geograficzny Polska
650 #9 - HASŁO PRZEDMIOTOWE W FORMIE NAZWY OGÓLNEJ LUB JEDNOSTKOWEJ
Nazwa ogólna lub geograficzna Regionalizm
Określnik ogólny zagadnienia
Określnik geograficzny Polska
651 #9 - HASŁO PRZEDMIOTOWE W FORMIE NAZWY GEOGRAFICZNEJ
Nazwa geograficzna Podlasie (region)
Określnik ogólny budownictwo
700 1# - HASŁO DODATKOWE - NAZWA OSOBOWA
Nazwa osobowa ULLMAN, Jerzy.
Określenie związku między hasłem a opisywanym materiałem Red.
856 ## - LOKALIZACJA I DOSTĘP DO ELEKTRONICZNYCH DOKUMENTÓW ZDALNYCH
Link (URL) http://koha.tu.koszalin.pl/cgi-bin/koha/opac-detail.pl?biblionumber=31521
Tekst linku Katalog online BPK
942 ## - DODATKOWE ELEMENTY (KOHA)
Typ dokumentu Książka
Egzemplarze
Wycofany Status egzemplarza Uszkodzony Dostępność Lokalizacja stała Lokalizacja bieżąca Miejsce przechowywania Sygnatura Kod kreskowy Typ dokumentu
      Dostępny Biblioteka Politechniki Koszalińskiej Biblioteka Politechniki Koszalińskiej Wypożyczalnia BG 38900 01268027 Książka
© 2023 Biblioteka Politechniki Koszalińskiej :: KOHA